000 nam a22 7a 4500
999 _c15509
_d15509
008 161101b xxu||||| |||| 00| 0 eng d
020 _a9780073375809
050 _aHB 171.5 .S2923 2009
100 _aSchiller,Bradley R.
245 _aEssentials of economics/
_cBradley R.Schiller
250 _a7th ed.
260 _aBoston :
_bMcGraw-Hill,
_cc2009
300 _axxviii, 406p. :
_bill. ;
500 _aIncludes index.
650 _aEconomics
942 _2lcc
_cBOOKS
_hHB 171.5 .S2923 2009